000 00599nam a22002297a 4500
003 UA-OsUOA
001 107304
007 ta
008 20140723b un ||||| |||| 00| 0 ukr d
100 _aКузьмищев В. А.
090 _a94(100)
_bК89
942 _cBK
040 _aUA-OsUOA
_brus
_cUA-OsUOA
_dUA-OsUOA
245 _aЦарство сынов Солнца
300 _a255 с.
955 _a1
041 _arus
080 _a94(100)
260 _aМ.
_bМол. гвардия
_c1982
650 7 _a9 Географія. Біографії. Історія
_2UDC
999 _c393258
_d393258